00799cam a22002413a 450000100060000000300060000600500170001200800410002904000150007004200070008505000070009210000370009924500860013626000290022250600300025151600200028165300740030165300350037565300310041070000450044183000290048685600420051532425PGUSA20140828083713.0100519s2010||||xxu|||||s|||||000 1 eng d aPGUSAbeng adc 4aPR1 aLever, Charles James,d1806-187210aMaurice Tiernay, Soldier of Fortuneh[electronic resource] /cCharles James Lever bProject Gutenberg,c2010 aPublic domain in the USA. aElectronic text aFrance -- History -- Consulate and First Empire, 1799-1815 -- Fiction aSoldiers of fortune -- Fiction aAdventure stories, English1 aMcCormick, A. D.q(Arthur David),d1860- 0aProject Gutenbergv3242540uhttp://www.gutenberg.org/ebooks/32425